000 00449nam a2200181Ia 4500
001 21400
005 20260306172916.0
008 260306t2010||||xx |||||||||||||| ||spa||
041 _aESP
082 _a344.83
_bM26
100 _aMartorell Carreño, Alberto
_eAUT
245 0 _aItinerarios culturales y patrimonio mundial
260 _c2010
300 _a741 páginas :
_c24 cm.
650 _aGEN
654 _aCDE
942 _cLIB
_dJUS
_fJUS
_2ddc
_n
999 _c21400
_d21400